000 01293nam a2200205Ia 4500
999 _c15018
_d15018
008 141014s9999||||xx |||||||||||||| ||und||
010 _a14868
020 _a978-9978-9930-4-0
040 _aANE
041 _aEs
082 _a343.2 G216
100 _aGarcía Falconi, José C.
245 _aLa demanda civil de daños y perjuicios y daño moral por responsabilidad subjetiva en contra de los jueces, fiscales y defensores públicos
250 _aS/E
260 _aQuito, Ecuador
_c2010
300 _a448 p
_c21 cm
505 _aRégimen Constitucional y legal de la justicia en el Ecuador.- Normas pertinentes de la Constitución de la República.- Normas pertinentes del código orgánico de la Función Judicial.- El Derecho Procesal.- El poder de los jueces.- Los mediadores y árbitros.- Misión de la Fiscalía General del Estado.- La Fiscalía y el Ofendido.- La La Defensoría Pública en el Ecuador.- Responsabilidad de los Asambleístas.- Delitos penales de los abogados.- ¿Que es la Omisión?.- Clases de Responsabilidad.- ¿Que es el Patrimonio?.- ¿Que es daño patrimonial.- ¿Que es el daño moral?.- ¿Que es moral objetiva?.- Clases de Dolo.- ¿Que es la culpa?.- Juicios verbales¿Que es la prescripción?
650 _aJurisprudencia
942 _cBK
_2ddc
_zNr.